000 00936 a2200229 4500
001 1895
005 20260407155419.0
008 260407a2008 arg spa d
003 AR-UNSa-BCEJYS
040 _aAR-UNSa-BCEJYS
_bspa
_cAR-UNSa-BCEJYS
080 _a347.440
_xTipos de contratos (Fideicomisos)
245 1 0 _aFideicomisos
_pordinarios o comunes (no financieros)
020 _a978-987-1140-94-7
264 1 _aBuenos Aires :
_bOsmar D. Buyatti
_c2008
300 _a150 p.
_c23 cm.
505 _a1. Aspectos legales, comentarios básicos - 2. Aspectos impositivos, comentarios básicos - 3. Aspectos contables - 4. Planteos de casos prácticos - 5. Soluciones propuestas de los casos planteados
041 _aspa
942 _cBK
590 _aniveau_biblio:m niveau_hierar:0
100 1 _aLeone, Eduardo César
856 4 1 _uhttps://biblioeco.unsa.edu.ar/pmb/images/libros/Fideicomisos-l117981.jpg
_yImagen de portada
_qimage/jpeg
999 _c195
_d195